Demystifying The Economics Of Technology/ (Record no. 213354)

MARC details
000 -LEADER
fixed length control field 00695nam a22002297a 4500
003 - CONTROL NUMBER IDENTIFIER
control field dpl
005 - DATE AND TIME OF LATEST TRANSACTION
control field 20250904155406.0
008 - FIXED-LENGTH DATA ELEMENTS--GENERAL INFORMATION
fixed length control field 240724b |||||||| |||| 00| 0 eng d
010 ## - LIBRARY OF CONGRESS CONTROL NUMBER
LC control number ENG-146655
020 ## - INTERNATIONAL STANDARD BOOK NUMBER
International Standard Book Number 9789383166404
Terms of availability 1150.00
035 ## - SYSTEM CONTROL NUMBER
System control number EN-130187
037 ## - SOURCE OF ACQUISITION
Source of stock number/acquisition DBAD
040 ## - CATALOGING SOURCE
Original cataloging agency DPL
Transcribing agency 0
082 ## - DEWEY DECIMAL CLASSIFICATION NUMBER
Classification number 338.9
Edition number 1
100 ## - MAIN ENTRY--PERSONAL NAME
Personal name Ray, Amit Shovon
9 (RLIN) 84844
245 ## - TITLE STATEMENT
Title Demystifying The Economics Of Technology/
Statement of responsibility, etc Amit Shovon Ray
Remainder of title Perspectives on Development with reflections from India
250 ## - EDITION STATEMENT
Edition statement 1
260 ## - PUBLICATION, DISTRIBUTION, ETC. (IMPRINT)
Place of publication, distribution, etc New Delhi
Name of publisher, distributor, etc Esha Beteille
Date of publication, distribution, etc 2025
270 ## - ADDRESS
Address 69, Jor Bagh
City New Delhi
Postal code 110003
300 ## - PHYSICAL DESCRIPTION
Extent 209p.
Dimensions 22(HB)
Other physical details index
942 ## - ADDED ENTRY ELEMENTS (KOHA)
Source of classification or shelving scheme Dewey Decimal Classification
Koha item type English Books
Classification part 338.9
Call number suffix RAY
Holdings
Withdrawn status Lost status Source of classification or shelving scheme Damaged status Not for loan Collection code Home library Current library Date acquired Source of acquisition Cost, normal purchase price Total Checkouts Full call number Barcode Date last seen Copy number Cost, replacement price Price effective from Koha item type
    Dewey Decimal Classification     Non-fiction Mobile Library Mobile Library 04/09/2025 DBAD 1150.00   338.9 RAY EN- 130187 04/09/2025 1 1150.00 04/09/2025 English Books

© Delhi Public Library
Hit Counter
free hit counter